000 00345nam a2200157Ia 4500
003 Ost
005 20260225132556.0
008 260225s9999||||xx |||||||||||||| ||und||
040 _cfsic
041 _afre
082 _a440
100 _aSherwood King
_eAuteur
245 0 _aLa Dame de Shanghai /
245 0 _cSherwood King
942 _cكتاب
999 _c34458
_d34458